NF - Happy Lyrics - Statistics

General Stats
  • This quiz has been taken 165 times
  • The average score is 239 of 315
Answer Stats
Answer % Correct
be
99%
I
99%
a
97%
go
94%
who
94%
been
93%
Been
93%
by
93%
hear
93%
it's
93%
know
93%
me
93%
and
91%
I've
91%
out
91%
the
91%
couple
90%
please
90%
years
90%
you
90%
Dear
88%
God
88%
living
88%
Chorus Living
88%
reached
88%
since
88%
in
87%
happy
85%
when
85%
my
84%
said
84%
so
84%
thing
84%
what
84%
wondering
84%
feel
82%
hello
82%
why
82%
bet
81%
but
81%
But
81%
don't
81%
Don't
81%
on
81%
to
81%
up
81%
watching
81%
you're
81%
agony
79%
agony...
79%
flames
79%
have
79%
if
79%
I'm
79%
keep
79%
like
79%
no
78%
was
78%
how
76%
is
76%
little
76%
stressing
76%
truth
76%
I'd
75%
life
75%
should
75%
that
75%
things
75%
selfish
74%
help
72%
long
72%
obsessing
72%
self-esteem
72%
this
72%
care
71%
depressed
71%
from
71%
open
71%
acting
69%
can't
69%
comfortable
69%
got
69%
imagine
69%
just
69%
memories
69%
need
69%
not
69%
some
69%
all
68%
excuse
68%
of
68%
that's
68%
thinks
68%
way
68%
anyone
66%
ask
66%
else
66%
give
66%
more
66%
proud
66%
too
66%
true
66%
truthfully
66%
furthest
65%
hole
65%
pick
65%
pull
65%
feels
63%
issues
63%
off
62%
trapped
62%
ya
62%
yet
62%
address
60%
admit
60%
hold
60%
soaking
60%
won't
60%
would
60%
connect
59%
demons
59%
family
59%
hand
59%
hanging
59%
members
59%
something's
59%
first
57%
hope
57%
last
57%
lonely
57%
soul
57%
with
57%
yeah
57%
bridges
56%
burned
56%
live
56%
put
56%
rest
56%
ain't
54%
baggage
54%
future
54%
opened
54%
ready
54%
avoiding
53%
Losing
53%
really
53%
wish
53%
at
51%
forget
51%
let
51%
lips
51%
most
51%
never
51%
rebuild
51%
traumas
51%
words
51%
calls
50%
dangerous
50%
home
50%
thread's
50%
left
49%
phone
49%
slip
49%
down
47%
I'll
47%
what's
47%
haven't
46%
hurtful
46%
insecurities
46%
road
46%
strange
46%
dealt
44%
around
41%
bend
37%
yes
37%
headed
29%
Chorus Chorus
0%
No matching quizzes found
Score Distribution
Percent of People with Each Score
Percentile by Number Answered
Your Score History
You have not taken this quiz